|
|
|
|
| LEADER |
02330nam a2200601 i 4500 |
| 001 |
nkc20162802732 |
| 003 |
CZ PrNK |
| 005 |
20160708085307.0 |
| 007 |
ta |
| 008 |
160606s2016 xr a e f 001 0 cze |
| 015 |
|
|
|a cnb002802732
|
| 020 |
|
|
|a 978-80-7406-325-1
|q (vázáno)
|
| 035 |
|
|
|a (OCoLC)953517236
|
| 040 |
|
|
|a OLA001
|b cze
|e rda
|
| 041 |
1 |
|
|a cze
|h eng
|
| 072 |
|
7 |
|a 61
|x Lékařské vědy. Lékařství
|2 Konspekt
|9 14
|
| 080 |
|
|
|a 613
|2 MRF
|
| 080 |
|
|
|a 616.1/.9
|2 MRF
|
| 080 |
|
|
|a 616-07
|2 MRF
|
| 080 |
|
|
|a 616-08
|2 MRF
|
| 080 |
|
|
|a (035)
|2 MRF
|
| 100 |
1 |
|
|a Gordon, Debra L.,
|d 1962-
|7 jx20090630006
|4 aut
|
| 240 |
1 |
0 |
|a Instant health answers.
|l Česky
|
| 245 |
1 |
0 |
|a Domácí lékař v otázkách a odpovědích :
|b příznaky, léčebné prostředky, léky, ošetření, strava, doplňky, speciální jídelníčky, lékařské testy /
|c autoři textu: Debra Gordon, Timothy Gower, Sari Harrar, John Hastings ; z anglického originálu Instant health answers přeložili Eliška Matyášová, Jiří Mayer a Klára Šumová
|
| 250 |
|
|
|a Vydání první
|
| 264 |
|
1 |
|a Praha :
|b Tarsago Česká republika,
|c 2016
|
| 300 |
|
|
|a 384 stran :
|b barevné ilustrace ;
|c 27 cm
|
| 336 |
|
|
|a text
|b txt
|2 rdacontent
|
| 337 |
|
|
|a bez média
|b n
|2 rdamedia
|
| 338 |
|
|
|a svazek
|b nc
|2 rdacarrier
|
| 490 |
1 |
|
|a Reader's Digest
|
| 500 |
|
|
|a Obsahuje rejstřík
|
| 650 |
0 |
7 |
|a péče o zdraví
|7 ph124852
|2 czenas
|
| 650 |
0 |
7 |
|a nemoci
|7 ph117238
|2 czenas
|
| 650 |
0 |
7 |
|a diagnostika (lékařství)
|7 ph114312
|2 czenas
|
| 650 |
0 |
7 |
|a terapie
|7 ph116435
|2 czenas
|
| 650 |
0 |
9 |
|a health care
|2 eczenas
|
| 650 |
0 |
9 |
|a diseases
|2 eczenas
|
| 650 |
0 |
9 |
|a medical diagnostics
|2 eczenas
|
| 650 |
0 |
9 |
|a therapy
|2 eczenas
|
| 655 |
|
7 |
|a příručky
|7 fd133209
|2 czenas
|
| 655 |
|
9 |
|a handbooks and manuals
|2 eczenas
|
| 700 |
1 |
|
|a Gower, Timothy
|4 aut
|
| 700 |
1 |
|
|a Harrar, Sarí
|7 jx20090630007
|4 aut
|
| 700 |
1 |
|
|a Hastings, John,
|d 1962-
|7 xx0020852
|4 aut
|
| 700 |
1 |
|
|a Matyášová, Eliška,
|d 1982-
|7 mzk2007411249
|4 trl
|
| 700 |
1 |
|
|a Mayer, Jiří,
|d 1964-
|7 ola2003193817
|4 trl
|
| 700 |
1 |
|
|a Šumová, Klára
|7 pna2010583991
|4 trl
|
| 830 |
|
0 |
|a Reader's Digest
|0 s
|
| 910 |
2 |
|
|a BOA001
|b 3-1369.183
|
| 990 |
|
|
|a BK
|
| 995 |
|
|
|a 01
|
| 996 |
6 |
|
|b 2610673419
|c 3-1369.183
|l MZK
|r Sklad / do 1 hodiny
|n 0
|p p.v.
|w 001564988
|u 000010
|a 1
|e BOA001
|j MZK50
|s P
|